| 000 | 01200cam a2200349 a 4500 | ||
|---|---|---|---|
| 001 | 9041673 | ||
| 005 | 20170105102850.0 | ||
| 008 | 110610s2011 stka b 101 0 eng d | ||
| 016 | 7 |
_a015785595 _2Uk |
|
| 020 | _a9780748639946 | ||
| 020 | _a0748639942 | ||
| 035 | _a(OCoLC)ocn730413660 | ||
| 035 | _a(OCoLC)730413660 | ||
| 035 | _a(NNC)9041673 | ||
| 040 |
_aBTCTA _beng _cBTCTA _dYDXCP _dUKMGB _dMBB _dBWX _dNNC |
||
| 082 | _a956.014 | ||
| 090 |
_aDS27 _b.L26 2011 |
||
| 245 | 0 | 4 |
_aThe Seljuqs : _bpolitics, society and culture / _cedited by Christian Lange and Songül Mecit. |
| 260 |
_aEdinburgh : _bEdinburgh University Press, _c2011. |
||
| 300 |
_ax, 318 p. : _bill. ; _c24 cm. |
||
| 500 | _aPapers presented at the "The Selijuqs: Islam revitalized?" conference, Edinburgh, 14-15 September 2008. | ||
| 504 | _aIncludes bibliographical references and index. | ||
| 650 | 0 |
_aSeljuks _xCivilization. |
|
| 650 | 0 |
_aSeljuks _xPolitics and government. |
|
| 650 | 0 |
_aSeljuks _xSocial life and customs. |
|
| 651 | 0 |
_aMiddle East _xHistory. |
|
| 700 | 1 |
_aLange, Christian Robert, _d1975- |
|
| 700 | 1 | _aMecit, Songül. | |
| 942 |
_2ddc _cBK |
||
| 948 | 1 |
_a20111028 _bc _cas2107 _dMPS |
|
| 999 |
_c14252 _d14252 |
||